Loki Season 1 Characters - Statistics

General Stats
  • This quiz has been taken 266 times
    240 since last reset
  • The average score is 11 of 19
Answer Stats
Hint Answer % Correct
God of mischief Loki Laufeyson
100%
The variant the TVA was hunting Sylvie Laufeydottir
91%
TVA agent who works with Loki Mobius M. Mobius
88%
Founder and ruler of TVA He Who Remains
72%
Mascot of the TVA Miss Minutes
71%
Reptile Loki variant Alligator Loki
70%
Loki variant who rules the Void Kid Loki
64%
Asgardian warrior trapped in a loop Lady Sif
64%
TVA judge Ravonna Renslayer
62%
Loki variant who sacrificed himself Classic Loki
59%
Loki variant whose arm was bitten off President Loki
59%
Fake leaders of the TVA Time Keepers
50%
TVA soldier who captured Loki Hunter B-15
49%
Loki variant who betrayed ^ Boastful Loki
42%
TVA member with drawer of infinity stones Casey
42%
Being that protects the Void Alioth
36%
TVA soldier captured by Sylvie Hunter C-20
34%
Thor variant Throg
34%
Roxxcart employee possessed by Sylvie Randy
15%
No matching quizzes found
Score Distribution
Percent of People with Each Score
Percentile by Number Answered
Your Score History
You have not taken this quiz since the last reset